Muerte y resurrección del teatro chileno 1973-1983
Guardat en:
| Autor principal: | |
|---|---|
| Format: | Llibre |
| Idioma: | espanyol |
| Publicat: |
Madrid
Michay
1985
|
| Col·lecció: | Libros de Meridion
|
| Matèries: | |
| Etiquetes: |
Afegir etiqueta
Sense etiquetes, Sigues el primer a etiquetar aquest registre!
|
MARC
| LEADER | 00000nam a2200000 a 4500 | ||
|---|---|---|---|
| 001 | UCX2878 | ||
| 003 | CL-VaPUC | ||
| 008 | 910827e19850000SP |||||||||||||||||spa|d | ||
| 082 | 0 | 4 | |a Ch862.09 |b ROJ |2 21 |
| 100 | 0 | |a Rojo, Grinor |e author |9 318972 | |
| 245 | 1 | 0 | |a Muerte y resurrección del teatro chileno 1973-1983 |
| 300 | |a 198 p | ||
| 942 | |c BK | ||
| 945 | |d 19910827 00:00:00 |a oaravena | ||
| 260 | |a Madrid |b Michay |c 1985 | ||
| 650 | 7 | |a TEATRO HISTORIA 1973- |2 CL-VaPUC |9 318973 | |
| 650 | 7 | |a DRAMA CHILENO |2 CL-VaPUC |9 269279 | |
| 650 | 0 | |a Historia y crítica |9 257407 | |
| 651 | 7 | |a CHILE |2 CL-VaPUC |9 318974 | |
| 583 | |a last modification |c 19910827 00:00:00 |k Rodrigo Vera | ||
| 490 | 0 | |a Libros de Meridion | |
| 999 | |c 223797 |d 223795 | ||
| 952 | |0 0 |1 0 |4 0 |6 CH_862_090000000000000_ROJ_1985 |7 0 |8 A |9 219947 |a BIBEDU |b BIBEDU |d 2019-11-15 |i 2886189 |o Ch862.09 ROJ 1985 |p 2886189 |r 2019-11-15 |w 2019-11-15 |y BK |k LIT | ||
| 952 | |0 0 |1 0 |4 0 |6 CH_862_090000000000000_ROJ_1985 |7 0 |8 A |9 219948 |a FDOPOS |b FDOPOS |d 2019-11-15 |i 297035K |o Ch862.09 ROJ 1985 |p 297035K |r 2025-01-22 |w 2019-11-15 |y BK |k MLH | ||